|
|
|
|
| LEADER |
00000cam a22000004a 4500 |
| 001 |
musev2_85657 |
| 003 |
MdBmJHUP |
| 005 |
20230905052810.0 |
| 006 |
m o d |
| 007 |
cr||||||||nn|n |
| 008 |
210703s2021 nju o 00 0 eng d |
| 020 |
|
|
|a 9780691220802
|
| 020 |
|
|
|z 9780691220796
|
| 020 |
|
|
|z 9780691220819
|
| 035 |
|
|
|a (OCoLC)1259320149
|
| 040 |
|
|
|a MdBmJHUP
|c MdBmJHUP
|
| 100 |
1 |
|
|a Renaud, Terence.
|
| 245 |
1 |
0 |
|a New Lefts :
|b The Making of a Radical Tradition
|
| 264 |
|
1 |
|a Princeton :
|b Princeton University Press,
|c 2021.
|
| 264 |
|
3 |
|a Baltimore, Md. :
|b Project MUSE,
|c 2021
|
| 264 |
|
4 |
|c ©2021.
|
| 300 |
|
|
|a 1 online resource (352 pages).
|
| 336 |
|
|
|a text
|b txt
|2 rdacontent
|
| 337 |
|
|
|a computer
|b c
|2 rdamedia
|
| 338 |
|
|
|a online resource
|b cr
|2 rdacarrier
|
| 500 |
|
|
|a Description based upon print version of record.
|
| 505 |
0 |
|
|a Cover -- Contents -- List of Abbreviations -- Introduction: The Origins of Neoleftism -- 1. Leftism and the New -- Tragedy of Culture in the Early Work of Georg Lukács -- Revolutionary Forms -- Creative Destruction -- A Cursed Book: History and Class Consciousness -- Flashes on the Horizon -- 2. The Antifascist New Left -- Quality, Not Quantity -- Educating the Org/New Beginning -- Sex and Fascism -- Internal Democracy and External Arrests -- "Everything Is Possible!" -- 3. Exile and the Spanish Experiment -- Antifascists without Borders -- Mobilizing for Spain
|
| 505 |
0 |
|
|a POUM, Militias, and Free Women -- 4. Revolutionary Hope and Despair -- A German Popular Front? -- Wartime Europe and America -- 5. Postwar New Beginning -- Restarting the Left in Occupied Germany -- The New Beginning Working Group -- Left Fusion in the Soviet Zone -- Assembly or Bureaucracy? -- 6. Social Democratic Modernization -- Fritz Erler: Socialism as a Task for the Present -- Richard Löwenthal: Beyond Capitalism -- The Road to Godesberg -- Left Renewal, Ltd. -- 7. Left Socialism -- German New Lefts -- Ossip K. Flechtheim and Futurology -- Wolfgang Abendroth and Antagonistic Society
|
| 505 |
0 |
|
|a Beyond Social Democracy -- Community of the Expelled -- Students for a New Left -- 8. The Sixties New Left -- Rudi Dutschke and Subversive Action -- Daniel Cohn-Bendit and the May Movement -- Action Committees Everywhere -- Leftism's Revenge or Romantic Regression? -- Neoleftism's Moveable Feast -- Epilogue -- Acknowledgments -- Select Bibliography -- Index
|
| 588 |
|
|
|a Description based on print version record.
|
| 655 |
|
7 |
|a Electronic books.
|2 local
|
| 710 |
2 |
|
|a Project Muse.
|e distributor
|
| 830 |
|
0 |
|a Book collections on Project MUSE.
|
| 856 |
4 |
0 |
|z Texto completo
|u https://projectmuse.uam.elogim.com/book/85657/
|
| 945 |
|
|
|a Project MUSE - Custom Collection
|
| 945 |
|
|
|a Project MUSE - 2021 Complete
|
| 945 |
|
|
|a Project MUSE - 2021 History
|